<?xml version="1.0" encoding="UTF-8"?>
<collection xmlns="http://www.loc.gov/MARC21/slim">
 <record>
  <leader>01835nam a2200193 a 4500</leader>
  <controlfield tag="001">1/32636</controlfield>
  <controlfield tag="008">070522q1997    gr       i    001 0 gre d</controlfield>
  <datafield tag="035" ind1=" " ind2=" ">
   <subfield code="l">35015</subfield>
  </datafield>
  <datafield tag="040" ind1=" " ind2=" ">
   <subfield code="a">GR-PeUP</subfield>
  </datafield>
  <datafield tag="082" ind1="0" ind2="0">
   <subfield code="a">657 ΣΑΚ</subfield>
  </datafield>
  <datafield tag="100" ind1="1" ind2=" ">
   <subfield code="a">Σακέλλης, Εμμανουήλ Ι.</subfield>
  </datafield>
  <datafield tag="245" ind1="1" ind2="2">
   <subfield code="a">Η ομάδα 9 του ελληνικού γενικού λογιστικού σχεδίου σε μηνιαία και ετήσια βάση :</subfield>
   <subfield code="b">μηνιαία αποτελέσματα και μηνιαίοι ισολογισμοί /</subfield>
   <subfield code="c">Εμμανουήλ Ι. Σακέλλη.</subfield>
  </datafield>
  <datafield tag="260" ind1=" " ind2=" ">
   <subfield code="a">Αθήνα :</subfield>
   <subfield code="b">Βρύκους.</subfield>
  </datafield>
  <datafield tag="300" ind1=" " ind2=" ">
   <subfield code="a">879 σ. ;</subfield>
   <subfield code="c">24 εκ.</subfield>
  </datafield>
  <datafield tag="500" ind1=" " ind2=" ">
   <subfield code="a">Τεχνική της κοστολόγησης σύμφωνα με το Ε.ΓΛΣ, μηνιαίο κόστος και μηνιαία αποτελέσματα, μηνιαίες οικονομικές καταστάσεις των επιχειρήσεων (ισολογισμοί, καταστάσεις γενικής εκμετάλλευσης και μηνιαίων αποτελεσμάτων), διακίνηση, τιμολόγηση και αποτίμηση των αποθεμάτων σύμφωνα με τον Κ.Β.Σ. και το Ε.ΓΛΣ, τα βιβλία τεχνικών προδιαγραφών και παραγωγής κοστολογίου σύμφωνα με τον Κ.Β.Σ, το βιβλίο αποθήκης εναρμονισμένο προς τις διατάξεις του Ε.ΓΛΣ και του Κ.Β.Σ.</subfield>
  </datafield>
  <datafield tag="500" ind1=" " ind2=" ">
   <subfield code="a">Περιέχει ευρετήριο.</subfield>
  </datafield>
  <datafield tag="650" ind1=" " ind2="4">
   <subfield code="a">Δημόσια οικονομική</subfield>
   <subfield code="z">Ελλάδα</subfield>
   <subfield code="x">Λογιστική.</subfield>
  </datafield>
  <datafield tag="650" ind1=" " ind2="4">
   <subfield code="a">Τιμολόγηση.</subfield>
  </datafield>
  <datafield tag="852" ind1=" " ind2=" ">
   <subfield code="a">INST</subfield>
   <subfield code="b">UNIPILB</subfield>
   <subfield code="c">MAIN</subfield>
   <subfield code="e">20070522</subfield>
   <subfield code="h">657 ΣΑΚ</subfield>
   <subfield code="p">00152860</subfield>
   <subfield code="q">00152860</subfield>
   <subfield code="t">LOAN</subfield>
   <subfield code="y">0</subfield>
   <subfield code="4">1</subfield>
  </datafield>
 </record>
</collection>
